LEADER 01801nam0 22003853i 450 001 VAN0274712 005 20240619113355.319 017 70$2N$a9783030665371 100 $a20240410d2021 |0itac50 ba 101 $aeng 102 $aCH 105 $a|||| ||||| 200 1 $aDynamic Quality Models and Games in Digital Supply Chains$eHow Digital Transformation Impacts Supply Chain Quality Management$fPietro De Giovanni 210 $aCham$cSpringer$d2021 215 $axix, 134 p.$cill.$d24 cm 606 $a90B06$xTransportation, logistics and supply chain management [MSC 2020]$3VANC021353$2MF 606 $a90B50$xManagement decision making, including multiple objectives [MSC 2020]$3VANC025286$2MF 606 $a91A80$xApplications of game theory [MSC 2020]$3VANC029259$2MF 606 $a90B05$xInventory, storage, reservoirs [MSC 2020]$3VANC033737$2MF 610 $aCoordination mechanisms$9KW:K 610 $aDigital Transformation$9KW:K 610 $aDynamic Games$9KW:K 610 $aQuality management$9KW:K 610 $asupply chain management$9KW:K 620 $aCH$dCham$3VANL001889 700 1$aDe Giovanni$bPietro$3VANV227163$01221085 712 $aSpringer $3VANV108073$4650 801 $aIT$bSOL$c20240621$gRICA 856 4 $uhttps://doi.org/10.1007/978-3-030-66537-1$zE-book ? Accesso al full-text attraverso riconoscimento IP di Ateneo, proxy e/o Shibboleth 899 $aBIBLIOTECA DEL DIPARTIMENTO DI MATEMATICA E FISICA$1IT-CE0120$2VAN08 912 $fN 912 $aVAN0274712 950 $aBIBLIOTECA DEL DIPARTIMENTO DI MATEMATICA E FISICA$d08CONS e-book 8204 $e08eMF8204 20240412 996 $aDynamic quality models and games in digital supply chains$92831127 997 $aUNICAMPANIA LEADER 03308nam1 2200601 i 450 001 RAV0068947 005 20251003044321.0 100 $a19960123g1974 ||||0itac50 ba 101 | $aita 102 $ait 181 1$6z01$ai $bxxxe 182 1$6z01$an 183 1$6z01$anc$2RDAcarrier 200 1 $aLotte operaie e sindacato in Italia$e1968-1972$fa cura di Alessandro Pizzorno 210 $aBologna$cIl mulino 215 $a v.$d22 cm. 225 | $aStudi e ricerche 410 0$1001CFI0001423$12001 $aStudi e ricerche 463 1$1001MIL0006310$12001 $aˆ6: ‰Lotte operaie e sindacato$eil ciclo 1968-1972 in Italia$fdi Alessandro Pizzorno ... \et al.!$v6 463 1$1001RAV0088303$12001 $aˆ4: ‰Sit-Siemens e GTE$fdi Ida Regalia e Marino Regini$gcon un'Appendice di Renato Mannheimer$v4 463 1$1001RAV0088309$12001 $aˆ5: ‰Dalmine, Falck, Redaelli$fdi Giuseppe Abbatecola, Bianca Beccalli e Giuliana Carabelli$v5 463 1$1001SBL0556200$12001 $aˆ1: ‰Autobianchi e Innocenti$fdi Laura Luppi e Emilio Reyneri$v1 463 1$1001SBL0556578$12001 $aˆ2: ‰Candy e Ignis (IRE)$fdi Marino Regini e Ettore Santi$v2 463 1$1001SBL0556579$12001 $aˆ3: ‰Magneti Marelli e Ercole Marelli$fdi Luigi Dolci e Emilio Reyneri$v3 606 $aMovimento operaio$xItalia$x1968-1972$2FIR$3SBLC010006$9I 606 $aSindacati$xItalia$x1968-1972$2FIR$3SBLC010007$9I 676 $a331.80945$9Sindacati e contrattazione collettiva. Italia$v20 676 $a331.8809$9SINDACATI. Storia, geografia, persone.$v21 676 $a331.880945$9SINDACATI. Italia$v19 676 $a331.880945$9SINDACATI. Italia$v23 676 $a331.89$9CONTRATTAZIONE COLLETTIVA E VERTENZE SINDACALI$v12 676 $a331.890945$9CONTRATTAZIONE COLLETTIVA E VERTENZE SINDACALI. Italia$v21 686 $aIT/4436.5$cLOTTE OPERAIE ITALIA 1968-1989$2R 686 $aIT/4436.8$cORGANIZZAZIONI SINDACALI E ALTRE ITALIA 1968-1989$2R 696 $aOpposizione operaia 696 $aAssociazioni sindacali$aOrganizzazioni sindacali$aOrganizzazione sindacale 699 $aMovimento operaio$zOpposizione operaia 699 $aSindacati$yAssociazioni sindacali 699 $aSindacati$yOrganizzazioni sindacali 699 $aSindacati$zOrganizzazione sindacale 702 1$aPizzorno$b, Alessandro$3CFIV053471 801 3$aIT$bIT-000000$c19960123 850 $aIT-BN0095 $aIT-NA0079 $aIT-NA0581 $aIT-NA0230 901 $bNAP BN$cB $nComprende volumi con collocazioni per formato catalogati prima del 1987. La consegna del doc. é effettuata dall'Uff. Distribuzione. 901 $bNAP BN$cA $nComprende volumi con collocazioni per formato catalogati prima del 1987. La consegna del doc. é effettuata dall'Uff. Distribuzione. 901 $bNAP FC$cFONDO $n$ 901 $bNAP 01$cPOZZO LIB.$nVi sono collocati fondi di economia, periodici di ingegneria e scienze, periodici di economia e statistica e altri fondi comprendenti documenti di economia pervenuti in dono. 912 $aRAV0068947 950 1$aBiblioteca Centralizzata di Ateneo$cv. 1; 3-6$d 01POZZO LIB.F. SANTI 228 967 $m6 977 $a 01$a BN$a FC$a IR 996 $aLotte operaie e sindacato in Italia$956768 997 $aUNISANNIO